00460nam a2200181Ia 4500003000400000005001700004008004100021020001800062040000700080041000800087082002200095100001600117245007000133250000600203260004000209300001600249365001300265OSt20250425113058.0210423s2010 xx 000 0 und d a9788130915685 cAL aeng a801.95 223bBARB aPeter Barry aBeginning theory: an introduction to literary and cultural theory a3 aNew DelhibViva Books Pvt Ltdc2010 axii,338bPB b295cINR